| 000 | 00439nam a2200169Ia 4500 | ||
|---|---|---|---|
| 001 | 14717 | ||
| 005 | 20260306164934.0 | ||
| 008 | 260306t9999||||xx |||||||||||||| ||spa|| | ||
| 041 | _aESP | ||
| 082 |
_a516.3076 _bC35 |
||
| 100 |
_aCastro Zárate, Juan _eAUT |
||
| 245 | 0 |
_aSolucionario. Geometría analítica: _bde: Charles H. Lemann |
|
| 300 |
_a270 páginas : _c20 cm. |
||
| 650 | _aGEN | ||
| 654 | _aCMA | ||
| 942 |
_cLIB _dJUS _fJUS _2ddc _n |
||
| 999 |
_c14717 _d14717 |
||